00777nam a22002297a 450000500170000001000110001702000210002803500110004903700160006004000120007608200170008810000240010524500660012926000390019530000280023450000190026265000520028165000350033394200260036899900190039495201340041320170124110104.0  a529467  c00.00a340025425  a529467  bCen Lib/Ret  aDPLbEN  a954.084bCRO  aCross, Colin927745  aThe fall of the british empire :cby Colin Crossb1918-1968 /  bHodder and Stoughtonc1968aLondon  a359p. :c21cm(Hb)bill.  aIncludes index  aGreat Britain -- History -- 20th century927746  aCommonwealth of Nations927747  2ddccENh954.084mCRO  c129910d129910  00104070aLbLd2015-07-08eCen Lib/Retg0.00l1o954.084 CROp529467r2019-11-01 00:00:00s2019-10-22t1v0.00w2015-07-08yEN